000 00332pam a2200145 a 4500
020 _c
041 _h
082 _a617.96
_bPOW
100 _aIan Power .
245 _aPrinciples of Physiology For The Anaesthetist
_hTextual Documents
250 _a2nd ed. .
260 _bHodder Arnold
_c2008
300 _a472.
930 _a10557
999 _c10550
_d10550